Countries With the Northernmost Southernmost Point with Exceptions - Statistics

General Stats
  • This quiz has been taken 1,517 times
  • The average score is 13 of 16
Answer Stats
Latitude Country % Correct
41 57'N Canada
99%
40 34'N Kazakhstan
90%
41 34'N Mongolia
90%
36 40'N Tajikistan
88%
37 11'N Uzbekistan
88%
41 03'N Georgia
87%
39 10'N Kyrgyzstan
87%
35 09'N Turkmenistan
87%
38 50'N Armenia
86%
37 40'N North Korea
86%
38 24'N Azerbaijan
85%
34 17'N South Korea
83%
35 49'N Turkey
81%
32 19'N Syria
74%
33 03'N Lebanon
68%
34 34'N Cyprus
66%
No matching quizzes found
Score Distribution
Percent of People with Each Score
Percentile by Number Answered
Your Score History
You have not taken this quiz